Count me in: Surveying for tenure security and urban land management (Record no. 121072)

MARC details
000 -LEADER
fixed length control field 01004cai a22001695a 4500
001 - CONTROL NUMBER
control field L160186
008 - FIXED-LENGTH DATA ELEMENTS--GENERAL INFORMATION
fixed length control field 181022u2018 xxk g 000 0 eng d
035 ## - SYSTEM CONTROL NUMBER
System control number (Sirsi) u160186
041 0# - LANGUAGE CODE
Language code of text/sound track or separate title eng
110 2# - MAIN ENTRY--CORPORATE NAME
Corporate name or jurisdiction name as entry element Global Land Tool Network
245 00 - TITLE STATEMENT
Title Count me in: Surveying for tenure security and urban land management
520 ## - SUMMARY, ETC.
Summary, etc. This book is about involving and engaging urban poor communities in one of the first steps of any participatory planning or upgrading initiative. It describes how we can use ?participatory enumerations? a surveying method used to gain better knowledge of the needs and priorities of the community. It presents and analyses existing and novel applications of participatory enumerations to enhance tenure security and improve urban land management.
650 24 - SUBJECT ADDED ENTRY--TOPICAL TERM
Topical term or geographic name entry element UNITED NATIONS
650 24 - SUBJECT ADDED ENTRY--TOPICAL TERM
Topical term or geographic name entry element LAND REGISTRATION
856 40 - ELECTRONIC LOCATION AND ACCESS
Uniform Resource Identifier <a href="https://gltn.net/2016/11/14/count-me-in-surveying-for-tenure-security-and-urban-land-management/">https://gltn.net/2016/11/14/count-me-in-surveying-for-tenure-security-and-urban-land-management/</a>
Public note View free of charge on GLTN website
942 ## - ADDED ENTRY ELEMENTS (KOHA)
Suppress in OPAC 0
Holdings
Withdrawn status Lost status Source of classification or shelving scheme Damaged status Not for loan Home library Current library Shelving location Date acquired Total Checkouts Full call number Barcode Date last seen Copy number Price effective from Koha item type
    Dewey Decimal Classification     London London Books 22/10/2018   WEBSITE 160186-1001 06/08/2019 1 06/08/2019 Book